KOHA-Header-6

Edhi Autobiography (Record no. 5927)

000 -LEADER
fixed length control field 00271nam a2200109Ia 4500
008 - FIXED-LENGTH DATA ELEMENTS--GENERAL INFORMATION
fixed length control field 190906s9999||||xx |||||||||||||| ||und||
100 ## - MAIN ENTRY--PERSONAL NAME
Personal name Tehmina Durrani
245 #0 - TITLE STATEMENT
Title Edhi Autobiography
260 ## - PUBLICATION, DISTRIBUTION, ETC. (IMPRINT)
Place of publication, distribution, etc Karachi
Name of publisher, distributor, etc A.Sattar edhi Foundation
Date of publication, distribution, etc 2010
300 ## - PHYSICAL DESCRIPTION
Extent 376
942 ## - ADDED ENTRY ELEMENTS (KOHA)
Koha item type Books
Holdings
Withdrawn status Lost status Source of classification or shelving scheme Damaged status Not for loan Collection code Permanent Location Current Location Shelving location Date acquired Full call number Barcode Date last seen Price effective from Koha item type
          English Literature MAJU MAJU Shelf No.A13 2019-09-06 361.32 5048 2019-09-06 2019-09-06 English Literature

Powered by Koha